000 00366pam a2200157a 44500
008 230515b2018 xxu||||| |||| 00| 0 eng d
020 _aNULL
041 _aENGLISH
082 _a0
100 _aKULKARNI VIJAY & RAMCHANDRA J. V.
245 _aENVIRONMENTAL MANAGEMENT
250 _a5
260 _a
_bC B S PUBLICATION
_c2018
300 _a375
650 _aNULL
999 _c613079
_d613079